| 000 | 02166nam a22002537a 4500 | ||
|---|---|---|---|
| 005 | 20240305165633.0 | ||
| 007 | cr|||| |||| | ||
| 008 | 220517s2021 es |||||s|||| 00||0 spa d | ||
| 020 | _a978-84-124109-9-0 | ||
| 035 | _a35653 | ||
| 040 | _avLex | ||
| 090 |
_c13359 _d13359 |
||
| 100 | 1 | _aTorres Manrique, Jorge Isaac | |
| 245 | 1 | 0 |
_aDerechos fundamentales contemporáneos _h[Recurso electrónico] : _bEnfoques actuales y futuros / _cJorge Isaac Torres Manrique |
| 256 | _aServicio en línea | ||
| 260 |
_aBarcelona: _bJ.M. Bosch Editor, _c2021 |
||
| 300 | _a1 recurso electrónico | ||
| 500 | _a«La obra que tengo el gusto de prologar, refleja algunas de las principales preocupaciones del Constitucionalismo en la actualidad, apelando a una estrategia expositiva que destaca las amenazas, desafíos y oportunidades en distintas áreas temáticas. En esta línea, en la presente obra se identifican algunos ejes neurálgicos del sistema constitucional y realiza un recorrido amplio sobre diferentes condiciones que enfrenta el Constitucionalismo en la actualidad y su conexión insoslayable con los derechos fundamentales. En este sentido, el libro es útil tanto para un lector versado en el Derecho Constitucional como para un estudiante o público en general, porque tiene el mérito de orientar sobre problemáticas recurrentes de esta rama de la Ciencia Jurídica, aunque, a la vez, le incorpora actualidad y un perfil distintivo. En síntesis, este trabajo recoge cuestiones de relevancia jurídica, escrita en un lenguaje de fácil acceso, pero sin perder profundidad. Su lectura puede fácilmente ser valorada por profesores, académicos, operadores jurídicos, estudiantes y público en general». | ||
| 506 | 1 |
_aDisponible solo en los productos indicados _dvLex Global _dvLex Global (Academic Edition, excluding Law Schools) _dvLex Global (U.S. Academic Edition, Law Schools) _dvLex Global (U.S. Academic Edition, excluding Law Schools) _dvLex Global (Academic Edition, Law Schools) |
|
| 650 | 0 | 4 |
_aDerecho Constitucional _zEspaña |
| 740 | 0 | _avLex Libros (Servicio en línea) | |
| 856 | 4 | 0 | _uhttps://app.vlex.com/#/sources/35653 |
| 942 | _cRAA | ||
| 999 |
_c171595 _d171595 |
||